000 00755nam a2200217 i 4500
001 77966
003 ES-MaACL
005 20250808011538.0
007 t|
008 041116s1922 sp |||| | spa d
100 1 _aFlammarion, Camille,
_d1842-1925
_951110
245 1 3 _aLa muerte según Camilo Flammarion /
_cCamilo Flammarion ; antepróposito y carta de Juan Meyer ; traducción y notas de Quintín López Gómez.
260 _aBarcelona :
_bCasa Editorial Maucci,
_c[1922?]
300 _a103 p. ;
_c18 cm.
500 _aEn la cub. retrato de Flammarion.
650 0 7 _aVida futura
_2embne
_917794
700 1 _aMeyer, Juan.
_980796
700 1 _aLópez Gómez, Quintín.
_973675
852 _aES-MaACL
_jE-10413
999 _c77966
_d77966